LEADER 01125nam 2200397 450 001 9910165100203321 005 20230808193758.0 010 $a1-5040-3794-4 035 $a(CKB)3710000000730912 035 $a(MiAaPQ)EBC4542979 035 $a(EXLCZ)993710000000730912 100 $a20160713d2016 uy| 1 101 0 $aeng 135 $aurcnu|||||||| 181 $2rdacontent 182 $2rdamedia 183 $2rdacarrier 200 14$aThe killing edge /$fRichard Forrest 210 1$aNew York :$cMysteriousPress.com/Open Road Integrated Media,$d2016. 215 $a1 online resource (121 pages) 606 $aMass murder$vFiction 606 $aPrivate investigators$vFiction 606 $aMissing persons$vFiction 606 $aWomen psychologists$vFiction 615 0$aMass murder 615 0$aPrivate investigators 615 0$aMissing persons 615 0$aWomen psychologists 700 $aForrest$b Richard$01374144 801 0$bMiAaPQ 801 1$bMiAaPQ 801 2$bMiAaPQ 906 $aBOOK 912 $a9910165100203321 996 $aThe killing edge$93414939 997 $aUNINA LEADER 06592nam 22008535 450 001 996465733103316 005 20230804071210.0 010 $a3-642-03685-6 024 7 $a10.1007/978-3-642-03685-9 035 $a(CKB)1000000000772851 035 $a(SSID)ssj0000316312 035 $a(PQKBManifestationID)11285835 035 $a(PQKBTitleCode)TC0000316312 035 $a(PQKBWorkID)10263833 035 $a(PQKB)11306519 035 $a(DE-He213)978-3-642-03685-9 035 $a(MiAaPQ)EBC3064459 035 $a(PPN)139951024 035 $a(EXLCZ)991000000000772851 100 $a20100301d2009 u| 0 101 0 $aeng 135 $aurnn#008mamaa 181 $ctxt 182 $cc 183 $acr 200 10$aApproximation, Randomization, and Combinatorial Optimization. Algorithms and Techniques$b[electronic resource] $e12th International Workshop, APPROX 2009, and 13th International Workshop, RANDOM 2009, Berkeley, CA, USA, August, 21-23, 2009, Proceedings /$fedited by Irit Dinur, Klaus Jansen, Seffi Naor, José Rolim 205 $a1st ed. 2009. 210 1$aBerlin, Heidelberg :$cSpringer Berlin Heidelberg :$cImprint: Springer,$d2009. 215 $a1 online resource (XII, 742 p. 41 illus.) 225 1 $aTheoretical Computer Science and General Issues,$x2512-2029 ;$v5687 300 $aBibliographic Level Mode of Issuance: Monograph 311 $a3-642-03684-8 320 $aIncludes bibliographical references and index. 327 $aContributed Talks of APPROX -- Approximation Algorithms and Hardness Results for Packing Element-Disjoint Steiner Trees in Planar Graphs -- Adaptive Sampling for k-Means Clustering -- Approximations for Aligned Coloring and Spillage Minimization in Interval and Chordal Graphs -- Unsplittable Flow in Paths and Trees and Column-Restricted Packing Integer Programs -- Truthful Mechanisms via Greedy Iterative Packing -- Resource Minimization Job Scheduling -- The Power of Preemption on Unrelated Machines and Applications to Scheduling Orders -- New Hardness Results for Diophantine Approximation -- PASS Approximation -- Optimal Sherali-Adams Gaps from Pairwise Independence -- An Approximation Scheme for Terrain Guarding -- Scheduling with Outliers -- Improved Inapproximability Results for Maximum k-Colorable Subgraph -- Improved Absolute Approximation Ratios for Two-Dimensional Packing Problems -- On the Optimality of Gluing over Scales -- On Hardness of Pricing Items for Single-Minded Bidders -- Real-Time Message Routing and Scheduling -- Approximating Some Network Design Problems with Node Costs -- Submodular Maximization over Multiple Matroids via Generalized Exchange Properties -- Robust Algorithms for on Minor-Free Graphs Based on the Sherali-Adams Hierarchy -- Minimizing Average Shortest Path Distances via Shortcut Edge Addition -- Approximating Node-Connectivity Augmentation Problems -- A 7/9 - Approximation Algorithm for the Maximum Traveling Salesman Problem -- Approximation Algorithms for Domatic Partitions of Unit Disk Graphs -- On the Complexity of the Asymmetric VPN Problem -- Contributed Talks of RANDOM -- Deterministic Approximation Algorithms for the Nearest Codeword Problem -- Strong Parallel Repetition Theorem for Free Projection Games -- Random Low Degree Polynomials are Hard to Approximate -- Composition of Semi-LTCs by Two-Wise Tensor Products -- On the Security of Goldreich?s One-Way Function -- Random Tensors and Planted Cliques -- Sampling s-Concave Functions: The Limit of Convexity Based Isoperimetry -- Average-Case Analyses of Vickrey Costs -- A Hypergraph Dictatorship Test with Perfect Completeness -- Extractors Using Hardness Amplification -- How Well Do Random Walks Parallelize? -- An Analysis of Random-Walk Cuckoo Hashing -- Hierarchy Theorems for Property Testing -- Algorithmic Aspects of Property Testing in the Dense Graphs Model -- Succinct Representation of Codes with Applications to Testing -- Efficient Quantum Tensor Product Expanders and k-Designs -- Hellinger Strikes Back: A Note on the Multi-party Information Complexity of AND -- Pseudorandom Generators and Typically-Correct Derandomization -- Baum?s Algorithm Learns Intersections of Halfspaces with Respect to Log-Concave Distributions -- Tolerant Linearity Testing and Locally Testable Codes -- Pseudorandom Bit Generators That Fool Modular Sums -- The Glauber Dynamics for Colourings of Bounded Degree Trees -- Testing ±1-weight halfspace -- Small-Bias Spaces for Group Products -- Small Clique Detection and Approximate Nash Equilibria -- Testing Computability by Width Two OBDDs -- Improved Polynomial Identity Testing for Read-Once Formulas -- Smooth Analysis of the Condition Number and the Least Singular Value. 410 0$aTheoretical Computer Science and General Issues,$x2512-2029 ;$v5687 606 $aComputer programming 606 $aAlgorithms 606 $aComputer science?Mathematics 606 $aDiscrete mathematics 606 $aNumerical analysis 606 $aMathematical statistics 606 $aProgramming Techniques 606 $aAlgorithms 606 $aDiscrete Mathematics in Computer Science 606 $aNumerical Analysis 606 $aSymbolic and Algebraic Manipulation 606 $aProbability and Statistics in Computer Science 615 0$aComputer programming. 615 0$aAlgorithms. 615 0$aComputer science?Mathematics. 615 0$aDiscrete mathematics. 615 0$aNumerical analysis. 615 0$aMathematical statistics. 615 14$aProgramming Techniques. 615 24$aAlgorithms. 615 24$aDiscrete Mathematics in Computer Science. 615 24$aNumerical Analysis. 615 24$aSymbolic and Algebraic Manipulation. 615 24$aProbability and Statistics in Computer Science. 676 $a005.11 686 $aDAT 517f$2stub 686 $aDAT 537f$2stub 686 $aMAT 410f$2stub 686 $aMAT 913f$2stub 686 $aSS 4800$2rvk 702 $aDinur$b Irit$4edt$4http://id.loc.gov/vocabulary/relators/edt 702 $aJansen$b Klaus$4edt$4http://id.loc.gov/vocabulary/relators/edt 702 $aNaor$b Seffi$4edt$4http://id.loc.gov/vocabulary/relators/edt 702 $aRolim$b José$4edt$4http://id.loc.gov/vocabulary/relators/edt 712 12$aInternational Workshop on Randomization and Computation$d(13th :$f2009 :$eBerkeley, Calif.) 906 $aBOOK 912 $a996465733103316 996 $aApproximation, Randomization, and Combinatorial Optimization. Algorithms and Techniques$9772207 997 $aUNISA LEADER 05297oam 2200613I 450 001 9910172225903321 005 20230126211630.0 010 $a0-429-97946-0 010 $a0-429-96838-8 010 $a0-429-49983-3 024 7 $a10.4324/9780429499838 035 $a(CKB)3460000000002529 035 $a(SSID)ssj0000409472 035 $a(PQKBManifestationID)12154988 035 $a(PQKBTitleCode)TC0000409472 035 $a(PQKBWorkID)10453407 035 $a(PQKB)10166300 035 $a(MiAaPQ)EBC5904944 035 $a(OCoLC)1029237474 035 $a(EXLCZ)993460000000002529 100 $a20180706d2018 uy 0 101 0 $aeng 135 $aurcnu|||||||| 181 $ctxt$2rdacontent 182 $cc$2rdamedia 183 $acr$2rdacarrier 200 00$aInequality $eclassic readings in race, class, and gender /$fedited by David B. Grusky and Szonja Szelényi 205 $aFirst edition. 210 1$aLondon :$cRoutledge,$d2018. 215 $a1 online resource (xviii, 331 pages) 311 08$a0-367-31623-4 311 08$a0-8133-4330-5 320 $aIncludes bibliographical references and index. 327 $tpart, 1 Is Inequality Inevitable? /$rKingsley Davis Wilbert E. Moore --$tchapter 1 Some Principles of Stratification /$rKingsley Davis Wilbert E. Moore --$tchapter 2 Some Principles of Stratification: A Critical Analysis /$rMelvin M. Tumin --$tpart, 2 The Structure Of Social Inequality /$rKingsley Davis Wilbert E. Moore --$tchapter 3 Classes in Capitalism and Pre-Capitalism /$rMarx Karl --$tchapter 4 Class, Status, Party /$rWeber Weber --$tchapter 5 The Division of Labor in Society /$rEmile Durkheim --$tchapter 6 Equality and Inequality in Modern Society , or Social Stratification Revisited /$rTalcott Parsons --$tpart, 3 Inequality At The Extremes /$rKingsley Davis Wilbert E. Moore --$tchapter 7 The Power Elite /$rC. Wright Mills --$tchapter 8 Jobless Poverty: A New Form of Social Dislocation in the Inner-City Ghetto /$rWilliam Julius Wilson --$tchapter 9 A Merican Apartheid Segregation and the Making of the Underclass /$rDouglas S. Massey Nancy A. Denton --$tpart, 4 Racial, Ethnic, And Gender Inequality /$rKingsley Davis Wilbert E. Moore --$tchapter 10 A Theory of Ethnic Antagonism the Split Labor Market /$rEdna Bonacich --$tchapter 11 The Declining Significance of Race Blacks and Changing American Institutions /$rWilliam Julius Wilson --$tchapter 12 The Immigrant Enclave: Theory and Empirical Examples /$rAlejandro Portes Robert D. Manning --$tchapter 13 The Unhappy Marriage of Marxism and Feminism Towards a more Progressive Union /$rHeidi Hartmann --$tchapter 14 Labor Markets as Queues a Structural Approach to Changing Occupational Sex Composition /$rBarbara F. Reskin --$tpart, 5 Generating Inequality /$rKingsley Davis Wilbert E. Moore --$tchapter 15 Sponsored and Contest Mobility and the School System /$rRalph H. Turner --$tchapter 16 The Process of Stratification /$rPeter M. Blau Otis Dudley Moore --$tchapter 17 The Educational and Early Occupational Attainment Process /$rWilliam H. Sewell Archibald O. Haller Alejandro Portes --$tchapter 18 Cultural Reproduction and Social Reproduction /$rPierre Bourdieu --$tpart, 6 The Consequences Of Inequality /$rKingsley Davis Wilbert E. Moore --$tchapter 19 The Theory of the Leisure Class /$rThorstein Veblen --$tchapter 20 Distinction a Social Critique of the Judgement of Taste /$rPierre Bourdieu. 330 $a"The field of inequality emerged out of a set of classic texts important works that students and scholars continue to read and to rely on to inform their ongoing research. Often controversial and deeply influential, these texts formed the field as we know it and serve as cornerstones even today. For the first time, these twenty calssic texts have no been brought together in a new reader, Inequality: Classic Readings in Race, Class, and Gender. Edited by David B. Grusky and Sonja Szeli, this important new volume provides: A solid introduction to fundamental concepts, theories, and empirical results. Carefully excerpted pieces that highlight the essential contributions while maintaining ample context for informed, serious discussion.? A coherent selection of core readings appropriate for all inequality courses.The collection is a natural starting point for all new students of inequality as well as a useful reference for advanced scholars who could benefit from easy access to the classics. When used in inequality courses, the selections provided here may be supplemented with contemporary articles and books, thus allowing teachers the convenience of relying on a single source that distills the must-reads with the flexibility of tailoring contemporary readings to a particular course focus."--Provided by publisher. 606 $aEquality 606 $aSocial stratification 606 $aSocial classes 606 $aRace 606 $aSex role 615 0$aEquality. 615 0$aSocial stratification. 615 0$aSocial classes. 615 0$aRace. 615 0$aSex role. 676 $a305.01 702 $aGrusky$b David 702 $aSzelényi$b Szonja 801 0$bFlBoTFG 801 1$bFlBoTFG 906 $aBOOK 912 $a9910172225903321 996 $aInequality$91239901 997 $aUNINA